| 000 | 00433nam a22001337a 4500 | ||
|---|---|---|---|
| 003 | OSt | ||
| 008 | 190930b ||||| |||| 00| 0 eng d | ||
| 082 |
_a631.587 _bANJ/RU |
||
| 100 |
_aAnjana, S R. _94291 |
||
| 245 | _aRunoff Estimation of KCAET Campus by Curve Number Method Adopting Remote Sensing and GIS Techniques | ||
| 260 |
_aTAVANUR _bDepartment of Soil and Water Conservation Engineering _c2019 |
||
| 300 | _a83. | ||
| 942 | _cTH | ||
| 999 |
_c15752 _d15752 |
||